[Event "29th Czech Open A 2018"]
[Site "Pardubice CZE"]
[Date "2018.07.26"]
[Round "7.44"]
[White "Swicarz, Maciej"]
[Black "Pacher, Milan"]
[Result "0-1"]
[BlackTitle "GM"]
[WhiteElo "2333"]
[BlackElo "2467"]
[WhiteFideId "1113585"]
[BlackFideId "14907445"]
[EventDate "2018.07.20"]

1. c4 Nf6 2. Nc3 c5 3. g3 d5 4. cxd5 Nxd5 5. Bg2 Nc7 6. f4 g6 7. b3 Bg7 8. Ba3
Nd7 9. Rc1 O-O 10. Na4 Ne6 11. e3 Qa5 12. Qc2 Nb6 13. Bxc5 Nxa4 14. bxa4 Bd7 15.
Bxe7 Rfe8 16. Bd6 Nd4 17. Qd3 Bf5 18. Qa3 Nc2+ 19. Rxc2 Bxc2 20. Ne2 Be4 21. Bb4
Qd5 22. Bxe4 Rxe4 23. Rf1 Rd8 24. a5 Bf8 25. Bxf8 Qxd2+ 26. Kf2 Rxf8 27. Rb1
Rfe8 28. Rb3 h5 29. Rd3 Qc2 30. Qb3 Qc5 31. Nd4 Qxa5 32. a3 h4 33. Nf3 hxg3+ 34.
hxg3 Qf5 35. Ng5 R4e7 36. Rd5 Qf6 37. Rd3 Kg7 38. Qb4 Qa1 39. Nf3 Rc7 40. Qd4+
Qxd4 41. Nxd4 Rec8 42. Rb3 b6 43. Nb5 Rc1 44. g4 a6 45. Nd6 R8c2+ 46. Kf3 b5 47.
Ne4 Rf1+ 48. Kg3 f5 49. gxf5 gxf5 50. Ng5 Rg1+ 51. Kf3 Rgg2 52. Nh3 Rh2 53. Ng5
Rcf2+ 54. Kg3 Rfg2+ 55. Kf3 Rg4 56. Rd3 Rhg2 57. Rd7+ Kg6 58. Ne4 fxe4+ 59. Kxe4
R4g3 60. Rd6+ Kf7 61. Rxa6 Re2 62. Rb6 Rgxe3+ 63. Kf5 Rxa3 64. Rb7+ Re7 65. Rxb5
Ra6 66. Kg4 Rf6 67. Rb4 Re1 68. Rb7+ Kg6 69. Rb4 Rg1+ 70. Kf3 Kh5 71. Ra4 Rf1+
72. Kg3 Rg6+ 73. Kh2 Rf2+ 74. Kh3 Rf3+ 75. Kh2 Kh4 76. f5+ Rg4 0-1

[Event "29th Czech Open A 2018"]
[Site "Pardubice CZE"]
[Date "2018.07.26"]
[Round "7.45"]
[White "Haba, Petr"]
[Black "Mueller, Ralf1"]
[Result "1/2-1/2"]
[WhiteTitle "GM"]
[BlackTitle "FM"]
[WhiteElo "2445"]
[BlackElo "2335"]
[WhiteFideId "300160"]
[BlackFideId "4606612"]
[EventDate "2018.07.20"]

1. d4 Nf6 2. c4 g6 3. Nc3 d5 4. cxd5 Nxd5 5. Bd2 Nb6 6. Nf3 Bg7 7. Bf4 O-O 8. e3
c5 9. dxc5 Bxc3+ 10. bxc3 Qxd1+ 11. Rxd1 N6d7 12. Bh6 Re8 13. Bb5 a6 14. Ba4 Nc6
15. Nd4 Nxc5 16. Nxc6 Be6 17. Rd4 Nxa4 18. Nxe7+ Rxe7 19. Rxa4 b5 20. Ra5 Rc7
21. O-O Rxc3 22. Rd1 f6 23. h4 Rc2 24. a3 Rc6 25. e4 Kf7 26. Be3 Ke7 27. Rb1 Rb8
28. a4 b4 29. Rc5 Rxc5 30. Bxc5+ Kf7 31. Rxb4 Rxb4 32. Bxb4 a5 33. Bxa5 Bb3 34.
f3 1/2-1/2

[Event "29th Czech Open A 2018"]
[Site "Pardubice CZE"]
[Date "2018.07.26"]
[Round "7.46"]
[White "Lodici, Lorenzo"]
[Black "Michenka, Jozef"]
[Result "1/2-1/2"]
[WhiteTitle "IM"]
[BlackTitle "IM"]
[WhiteElo "2441"]
[BlackElo "2329"]
[WhiteFideId "884189"]
[BlackFideId "301175"]
[EventDate "2018.07.20"]

1. d4 Nf6 2. c4 e6 3. Nc3 Bb4 4. e3 O-O 5. Bd3 d5 6. Nf3 c5 7. cxd5 exd5 8. dxc5
Nbd7 9. O-O Nxc5 10. Ne2 Bg4 11. Nfd4 Rc8 12. Bc2 Ba5 13. f3 Bd7 14. Bd2 Bxd2
15. Qxd2 Qb6 16. Rac1 Rfe8 17. g4 Ne6 18. Rfe1 Nxd4 19. Nxd4 h6 20. h4 g6 21.
Rb1 Re7 22. Bd3 Rce8 23. Bf1 Bxg4 24. fxg4 Nxg4 25. Bb5 Rc8 26. Re2 Qf6 27. Rbe1
a6 28. Ba4 Qxh4 29. Rg2 Qh3 30. Nf3 Ne5 31. Nxe5 Rxe5 32. Bd1 Rc4 33. Qf2 Rc1
34. Rg3 Qe6 35. Bb3 Qc6 36. Rxc1 Qxc1+ 37. Qf1 Qxb2 38. Qf4 Qb1+ 39. Qf1 Qe4 40.
Qg2 Qb1+ 41. Kh2 Rh5+ 42. Rh3 Rg5 43. Rg3 Rh5+ 44. Rh3 Rg5 45. Rg3 Rh5+ 1/2-1/2

[Event "29th Czech Open A 2018"]
[Site "Pardubice CZE"]
[Date "2018.07.26"]
[Round "7.47"]
[White "Haria, Ravi"]
[Black "Cerveny, Petr"]
[Result "1-0"]
[WhiteTitle "IM"]
[BlackTitle "FM"]
[WhiteElo "2440"]
[BlackElo "2319"]
[WhiteFideId "415820"]
[BlackFideId "322016"]
[EventDate "2018.07.20"]

1. e4 e6 2. d4 d5 3. Nd2 c5 4. exd5 Qxd5 5. dxc5 Nf6 6. Ngf3 Qxc5 7. Bd3 Nbd7 8.
O-O Qc7 9. a4 Be7 10. Nb3 O-O 11. Nbd4 a6 12. Qe2 Re8 13. Bc4 Bd6 14. Re1 b6 15.
b3 Bb7 16. Bb2 Ng4 17. Rad1 Bxh2+ 18. Kh1 Be5 19. Nxe6 fxe6 20. Nxe5 Ndxe5 21.
Bxe5 Nxe5 22. Qxe5 Qxe5 23. Rxe5 Kf7 24. Rd6 Bd5 25. Bxd5 exd5 26. Rf5+ Kg8 27.
Rxb6 Rac8 28. Rxa6 Rxc2 29. Ra7 Rc6 30. g3 Rd8 31. Rff7 Rg6 32. Rfd7 Rxd7 33.
Rxd7 Rb6 34. a5 Rxb3 35. a6 Rb8 36. a7 Ra8 37. Rb7 1-0

[Event "29th Czech Open A 2018"]
[Site "Pardubice CZE"]
[Date "2018.07.26"]
[Round "7.48"]
[White "Mladek, Richard"]
[Black "Tomczak, Mikolaj"]
[Result "0-1"]
[BlackTitle "FM"]
[WhiteElo "2299"]
[BlackElo "2432"]
[WhiteFideId "386588"]
[BlackFideId "1175114"]
[EventDate "2018.07.20"]

1. e4 e5 2. Nf3 Nc6 3. Bc4 Bc5 4. O-O Nf6 5. d3 d6 6. Bg5 h6 7. Bh4 g5 8. Bg3 h5
9. Nxg5 h4 10. Nxf7 hxg3 11. Nxd8 Bg4 12. Qd2 Nd4 13. Nf7 Rxh2 14. Ng5 Ke7 15.
Qe3 Ne2+ 16. Qxe2 Bxe2 17. d4 Rah8 18. Nh3 Bxc4 19. dxc5 Bxf1 20. cxd6+ cxd6 21.
Kxf1 Rh1+ 0-1

[Event "29th Czech Open A 2018"]
[Site "Pardubice CZE"]
[Date "2018.07.26"]
[Round "7.49"]
[White "Malakhov, Igor"]
[Black "Pauly, Carlo"]
[Result "1-0"]
[WhiteTitle "IM"]
[WhiteElo "2431"]
[BlackElo "2312"]
[WhiteFideId "4183088"]
[BlackFideId "24673269"]
[EventDate "2018.07.20"]

1. e4 c5 2. Nf3 d6 3. d4 cxd4 4. Nxd4 Nf6 5. Nc3 a6 6. h3 e6 7. g4 Nfd7 8. Be3
b5 9. Bg2 b4 10. Nce2 Bb7 11. O-O Be7 12. f4 Nc5 13. Ng3 Bh4 14. Nde2 Qc7 15.
Qd4 O-O 16. Rad1 Be7 17. Qxb4 Rc8 18. Qd2 Na4 19. c3 Nd7 20. Kh2 Nab6 21. b3 a5
22. c4 a4 23. Nd4 Qb8 24. Nb5 axb3 25. axb3 Nc5 26. Bxc5 dxc5 27. e5 f6 28. exf6
Bxf6 29. Bxb7 Qxb7 30. Nd6 Qc6 31. Nxc8 Nxc8 32. Qg2 Qa6 33. Rfe1 Rb8 34. Rd3
Ne7 35. Qe4 Ng6 36. Nh5 e5 37. g5 Bd8 38. Qd5+ 1-0

[Event "29th Czech Open A 2018"]
[Site "Pardubice CZE"]
[Date "2018.07.26"]
[Round "7.50"]
[White "Kenneskog, Theodor"]
[Black "Bakalchuk, Johnatan"]
[Result "0-1"]
[WhiteTitle "FM"]
[BlackTitle "IM"]
[WhiteElo "2273"]
[BlackElo "2429"]
[WhiteFideId "1715011"]
[BlackFideId "2810301"]
[EventDate "2018.07.20"]

1. d4 Nf6 2. c4 g6 3. Nc3 Bg7 4. e4 d6 5. h3 O-O 6. Be3 Na6 7. g4 e5 8. d5 Nc5
9. Qc2 a5 10. Nge2 Kh8 11. Ng3 Ng8 12. Qd2 c6 13. Be2 cxd5 14. Nxd5 Nf6 15. Nc3
Ne6 16. g5 Ne8 17. Nd5 Nd4 18. h4 Be6 19. h5 Kg8 20. Kf1 Rc8 21. Kg2 Bxd5 22.
exd5 b5 23. Rac1 bxc4 24. Rxc4 Rc5 25. Rhc1 Rxd5 26. Rc8 Qd7 27. Bf3 Rb5 28.
Bxd4 exd4 29. Ra8 Rc5 30. Rxa5 Nc7 31. Rcxc5 dxc5 32. Ne4 c4 33. Rc5 Ne6 34.
Rxc4 Qb5 35. Rc1 Qf5 36. Rh1 Nf4+ 37. Kf1 Nxh5 38. Qd1 Nf4 39. Rh4 Ne6 40. Rg4
Qb5+ 41. Kg2 Qxb2 42. Rh4 Qxa2 43. Qh1 Qa5 44. Rxh7 Nxg5 45. Rh5 gxh5 46. Qxh5
f6 0-1

[Event "29th Czech Open A 2018"]
[Site "Pardubice CZE"]
[Date "2018.07.26"]
[Round "7.51"]
[White "Horvath, Dominik"]
[Black "Mertanen, Janne"]
[Result "0-1"]
[WhiteTitle "IM"]
[BlackTitle "FM"]
[WhiteElo "2429"]
[BlackElo "2292"]
[WhiteFideId "1642561"]
[BlackFideId "501875"]
[EventDate "2018.07.20"]

1. Nf3 c5 2. c4 Nc6 3. Nc3 e5 4. e3 Nf6 5. d4 cxd4 6. exd4 e4 7. Ne5 Bd6 8. c5
Bb8 9. Nc4 d5 10. cxd6 O-O 11. Bf4 Na5 12. Ne3 Bxd6 13. Bxd6 Qxd6 14. d5 Qe5 15.
Be2 Rd8 16. Qa4 b6 17. Rc1 Nb7 18. b4 Nd6 19. O-O Bb7 20. Rfd1 h5 21. Ba6 Bxa6
22. Qxa6 Ng4 23. Nxg4 hxg4 24. Nb5 Nf5 25. Qb7 e3 26. fxe3 g3 27. h3 Nxe3 28.
Rd2 Nxg2 29. Rf1 Qe3+ 30. Kh1 Nf4 0-1

[Event "29th Czech Open A 2018"]
[Site "Pardubice CZE"]
[Date "2018.07.26"]
[Round "7.52"]
[White "Matviishen, Viktor"]
[Black "Claridge-Hansen, William"]
[Result "1-0"]
[WhiteTitle "IM"]
[BlackTitle "FM"]
[WhiteElo "2423"]
[BlackElo "2291"]
[WhiteFideId "14129850"]
[BlackFideId "422509"]
[EventDate "2018.07.20"]

1. d4 Nf6 2. c4 e6 3. Nf3 b6 4. g3 Bb7 5. Bg2 Bb4+ 6. Bd2 c5 7. Bxb4 cxb4 8. a3
Qe7 9. axb4 Qxb4+ 10. Nc3 O-O 11. Qd3 d5 12. cxd5 exd5 13. O-O a6 14. Rfc1 Qd6
15. Ne5 g6 16. g4 Nbd7 17. f4 Rfd8 18. e3 Qe6 19. h3 h5 20. g5 Ne4 21. Nxd7 Rxd7
22. Nxe4 dxe4 23. Qa3 f6 24. gxf6 Qxf6 25. Kh1 Kh8 26. Rc2 Rg8 27. Rf1 Rdg7 28.
Qb4 g5 29. fxg5 Qxg5 30. Rf4 Bc8 31. Qe1 Rc7 32. Rcf2 Qg3 33. Rf6 Bxh3 34. Bxe4
Qg5 35. R6f4 Bg4 36. Qf1 Rcg7 37. Rg2 Qh4+ 38. Rh2 Qg3 39. Bg2 Qxe3 40. Rxg4 1-0

[Event "29th Czech Open A 2018"]
[Site "Pardubice CZE"]
[Date "2018.07.26"]
[Round "7.53"]
[White "Mehar, Chinna Reddy C.H."]
[Black "Vykouk, Jan"]
[Result "1-0"]
[WhiteTitle "FM"]
[BlackTitle "FM"]
[WhiteElo "2286"]
[BlackElo "2419"]
[WhiteFideId "5027420"]
[BlackFideId "349658"]
[EventDate "2018.07.20"]

1. d4 Nf6 2. Bf4 g6 3. Nc3 c5 4. d5 d6 5. e4 Bg7 6. Bb5+ Nbd7 7. a4 O-O 8. Nf3
Qa5 9. O-O a6 10. Bd3 Ng4 11. Nd2 Nge5 12. Be2 Qc7 13. Be3 f5 14. f4 Nf7 15.
exf5 gxf5 16. Nc4 Nf6 17. h3 Bd7 18. a5 Rae8 19. Qd3 e6 20. Nb6 e5 21. Qd2 e4
22. Nd1 Nh8 23. c3 Ng6 24. b4 cxb4 25. cxb4 Bh6 26. Rc1 Qd8 27. Qc3 Re7 28. Qc7
Qxc7 29. Rxc7 Be8 30. Rxe7 Nxe7 31. Nc3 Bf7 32. Rd1 Nh5 33. Bxh5 Bxh5 34. Rc1
Ng6 35. g3 Ne5 36. Nca4 Nd3 37. Rc7 Rf7 38. Nd7 Nxb4 39. Nab6 Be2 40. Bd4 Bf8
41. Nf6+ Kg7 42. Nxh7+ Kg6 43. Nxf8+ Rxf8 44. Rg7+ Kh6 45. Rd7 Rg8 46. Rxd6+ Kh7
47. Nd7 Rxg3+ 48. Kf2 Rd3 49. Bc5 Na2 50. Kxe2 Nc3+ 51. Kf2 Rd2+ 52. Kg3 Rd3+
53. Kh4 Nb5 54. Re6 1-0

[Event "29th Czech Open A 2018"]
[Site "Pardubice CZE"]
[Date "2018.07.26"]
[Round "7.54"]
[White "Nikologorsky, Matfei"]
[Black "Manik, Mikulas"]
[Result "1/2-1/2"]
[BlackTitle "GM"]
[WhiteElo "2222"]
[BlackElo "2400"]
[WhiteFideId "24102474"]
[BlackFideId "14900734"]
[EventDate "2018.07.20"]

1. e4 c5 2. Nf3 Nc6 3. d4 cxd4 4. Nxd4 Nf6 5. Nc3 d6 6. Be2 g6 7. Be3 Bg7 8. f3
O-O 9. Qd2 Nxd4 10. Bxd4 Be6 11. h4 Qa5 12. h5 Rfc8 13. hxg6 hxg6 14. g4 b5 15.
g5 Nh7 16. Bxg7 Kxg7 17. Qd4+ f6 18. gxf6+ Nxf6 19. e5 dxe5 20. Qxe5 Bf7 1/2-1/2

[Event "29th Czech Open A 2018"]
[Site "Pardubice CZE"]
[Date "2018.07.26"]
[Round "7.55"]
[White "Rakshitta, Ravi"]
[Black "Frolov, Artur"]
[Result "0-1"]
[BlackTitle "IM"]
[WhiteElo "2026"]
[BlackElo "2393"]
[WhiteFideId "25073230"]
[BlackFideId "14100134"]
[EventDate "2018.07.20"]

1. e4 c5 2. Nc3 Nc6 3. Nf3 d6 4. d4 cxd4 5. Nxd4 e6 6. g3 a6 7. Bg2 Bd7 8. O-O
Rc8 9. Re1 Nxd4 10. Qxd4 Ne7 11. Be3 Nc6 12. Qd2 Ne5 13. Qe2 Nc4 14. Bc1 Qa5 15.
Nd1 Ne5 16. Ne3 Be7 17. Bd2 Qb6 18. b3 h5 19. h4 Qc5 20. c4 b5 21. Rac1 b4 22.
a3 bxa3 23. b4 Qa7 24. Ra1 g5 25. hxg5 h4 26. gxh4 Rxh4 27. Rxa3 Bxg5 28. Nf5
exf5 29. Bxg5 Rg4 30. Bf6 Rxc4 31. Rh3 Bc6 32. Qd2 Qd4 33. Qxd4 Rxd4 34. Rh8+
Kd7 35. Rd8+ Kc7 36. Bxe5 dxe5 37. Rxd4 exd4 38. f3 Rg8 39. Kf2 fxe4 40. fxe4
Rb8 41. Bf1 Rxb4 42. Bxa6 Kd6 43. e5+ Ke7 44. Bc8 d3 45. Ke3 Be4 46. Ba6 Bg6 47.
Kd2 Rb2+ 48. Ke3 Rh2 49. Bc4 Rc2 50. Bd5 Rc5 51. Kd4 Rxd5+ 52. Kxd5 Bh5 53. Ra1
d2 54. Ra7+ Kf8 55. Ra8+ Kg7 56. Ra1 d1=Q+ 57. Rxd1 Bxd1 58. e6 Bb3+ 0-1

[Event "29th Czech Open A 2018"]
[Site "Pardubice CZE"]
[Date "2018.07.26"]
[Round "7.56"]
[White "Pulpan, Jakub"]
[Black "Stepan, Patrik"]
[Result "1-0"]
[WhiteTitle "IM"]
[WhiteElo "2386"]
[BlackElo "2217"]
[WhiteFideId "302759"]
[BlackFideId "358444"]
[EventDate "2018.07.20"]

1. d4 Nf6 2. Nf3 e6 3. c4 b6 4. g3 Ba6 5. Qc2 c5 6. d5 exd5 7. cxd5 Bb7 8. Bg2
Nxd5 9. O-O Nc6 10. Rd1 Be7 11. Qf5 Nf6 12. e4 g6 13. Qf4 O-O 14. e5 Nh5 15. Qc4
Na5 16. Qg4 f5 17. Qa4 Bc6 18. Qc2 f4 19. g4 Ng7 20. Nc3 Ne6 21. Nd5 Bxd5 22.
Rxd5 Rc8 23. Bd2 Nc6 24. Bc3 Rc7 25. Rad1 Qc8 26. a3 Nb4 27. Bxb4 cxb4 28. Qb3
Kg7 29. axb4 Rd8 30. Nd4 Nxd4 31. R5xd4 g5 32. Be4 h6 33. Kg2 Rc1 34. Rxc1 Qxc1
35. Qd3 Qc7 36. Rd5 Bxb4 37. e6 Be7 38. exd7 Rf8 39. b3 Rd8 40. Bh7 Qc6 41. Qe4
Qf6 42. Rf5 Qd6 43. Re5 f3+ 44. Kh3 Rxd7 45. Re6 1-0

[Event "29th Czech Open A 2018"]
[Site "Pardubice CZE"]
[Date "2018.07.26"]
[Round "7.57"]
[White "Vokac, Marek"]
[Black "Head, Louise"]
[Result "1/2-1/2"]
[WhiteTitle "GM"]
[BlackTitle "WFM"]
[WhiteElo "2384"]
[BlackElo "2097"]
[WhiteFideId "300101"]
[BlackFideId "424773"]
[EventDate "2018.07.20"]

1. Nf3 d5 2. c4 c5 3. cxd5 Qxd5 4. Nc3 Qd8 5. d4 e6 6. e4 a6 7. Be3 cxd4 8. Nxd4
Bd7 9. Be2 Nc6 10. O-O Nf6 11. Qb3 Be7 12. Rfd1 Na5 13. Qc2 Rc8 14. Rac1 O-O 15.
Bf4 Qb6 16. e5 Nd5 17. Nxd5 exd5 18. Qb1 Rxc1 19. Bxc1 Bc5 20. Be3 Nc4 21. Bxc4
dxc4 22. Qc1 Ba4 23. Rd2 Bxd4 24. Rxd4 Qa5 25. Rxc4 Bc6 26. Rg4 Rd8 27. e6 fxe6
28. h3 Qd5 29. Qc3 Rd7 30. a3 Qf5 31. Bd4 h5 32. Rg3 g6 33. Kh2 Kh7 34. Be5 Qxf2
35. Qb4 Qf5 36. Bc3 Rf7 37. Qd4 e5 38. Qxe5 Qxe5 39. Bxe5 Rf2 40. h4 Re2 41. Bf6
Rf2 42. Be5 1/2-1/2

[Event "29th Czech Open A 2018"]
[Site "Pardubice CZE"]
[Date "2018.07.26"]
[Round "7.58"]
[White "Koykka, Pekka"]
[Black "Polgar-Shutzman, Tom"]
[Result "1-0"]
[WhiteTitle "FM"]
[WhiteElo "2382"]
[BlackElo "2076"]
[WhiteFideId "504319"]
[BlackFideId "2064880"]
[EventDate "2018.07.20"]

1. d4 Nf6 2. c4 e6 3. g3 c5 4. d5 exd5 5. cxd5 d6 6. Nc3 g6 7. Bg2 Bg7 8. Nf3
O-O 9. O-O Re8 10. Bf4 Ne4 11. Nxe4 Rxe4 12. Nd2 Rxf4 13. gxf4 Bxb2 14. Rb1 Bg7
15. Re1 Nd7 16. e4 Nf6 17. Qf3 Nh5 18. e5 Bh6 19. Nc4 Bxf4 20. Nxd6 Rb8 21. Re4
Qh4 22. Nxc8 Qxh2+ 23. Kf1 Rxc8 24. Qh3 Qxh3 25. Bxh3 Rd8 26. Bg4 Bh6 27. Bxh5
gxh5 28. Rxb7 Rxd5 29. Rxa7 c4 30. e6 fxe6 31. Rxc4 Rf5 32. a4 Bf8 33. Rc8 h4
34. a5 h3 35. Raa8 h2 36. Rxf8+ Kg7 37. Kg2 Rh5 38. Kh1 e5 39. Rg8+ Kf7 40. Rg2 1-0

[Event "29th Czech Open A 2018"]
[Site "Pardubice CZE"]
[Date "2018.07.26"]
[Round "7.59"]
[White "Nazaryev, Sergey"]
[Black "Zaitsev, Alexander"]
[Result "1-0"]
[BlackTitle "GM"]
[WhiteElo "2269"]
[BlackElo "2499"]
[WhiteFideId "4114191"]
[BlackFideId "4164490"]
[EventDate "2018.07.20"]

1. d4 Nf6 2. Nf3 e6 3. Bg5 c5 4. e3 Be7 5. Nbd2 b6 6. c3 Bb7 7. Bd3 Nc6 8. Qe2
cxd4 9. exd4 Nd5 10. Bxe7 Qxe7 11. g3 O-O 12. O-O f5 13. Ba6 Bxa6 14. Qxa6 b5
15. Qxb5 Rab8 16. Qd3 Rxb2 17. Nc4 Rb7 18. Rab1 Rfb8 19. Rxb7 Rxb7 20. Re1 h6
21. Ne3 Nxe3 22. Qxe3 Qd6 23. c4 Na5 24. Ne5 Nc6 25. Nf3 Rb8 26. Rd1 Rf8 27. d5
f4 28. Qe2 exd5 29. Rxd5 Qf6 30. g4 Qg6 31. h3 Re8 32. Qd1 Qe4 33. Rxd7 Qxc4 34.
Rc7 Qe6 35. Qa4 Nd8 36. Rxa7 Nf7 37. Qxf4 Ng5 38. Nxg5 hxg5 39. Qd4 Qg6 40. Qd5+
Kh7 41. Ra8 Re6 42. Kg2 Qf7 43. Ra6 Rf6 44. Qxf7 Rxf7 45. Kg3 Rc7 46. Ra3 Rc4
47. Rf3 Kg6 48. Ra3 Kh6 49. Kf3 Rc2 50. Ra6+ Kh7 51. Kg3 Rc3+ 52. Kg2 Rd3 53. f3
Rc3 54. Kf2 Rc2+ 55. Ke3 Rh2 56. a3 Rxh3 57. Rb6 Rh1 58. Rb3 Kg6 59. Kd4 Kf6 60.
Re3 Rc1 61. Rc3 Ra1 62. Kc4 Ke5 63. Kb4 Kd4 64. Rb3 Re1 65. a4 Re8 66. a5 Ra8
67. Kb5 Rb8+ 68. Ka4 Ra8 69. Rb5 Rf8 70. a6 Rxf3 71. Ka5 Ke4 72. a7 Ra3+ 73. Kb6
Rxa7 74. Kxa7 Kf4 75. Rb4+ 1-0

[Event "29th Czech Open A 2018"]
[Site "Pardubice CZE"]
[Date "2018.07.26"]
[Round "7.60"]
[White "Biolek, Richard Jr."]
[Black "Meleshko, Vladimir"]
[Result "1-0"]
[WhiteTitle "IM"]
[BlackTitle "FM"]
[WhiteElo "2469"]
[BlackElo "2268"]
[WhiteFideId "319996"]
[BlackFideId "14111055"]
[EventDate "2018.07.20"]

1. e4 c5 2. Nf3 Nc6 3. d4 cxd4 4. Nxd4 e5 5. Nb5 a6 6. Nd6+ Bxd6 7. Qxd6 Qf6 8.
Qxf6 Nxf6 9. Nc3 Nb4 10. Bd3 d6 11. Bg5 Be6 12. f4 Ng8 13. f5 Nxd3+ 14. cxd3 Bd7
15. O-O-O f6 16. Be3 Ne7 17. d4 O-O-O 18. g4 h5 19. g5 Bc6 20. d5 Bd7 21. Rhg1
Rdg8 22. Rd2 Kd8 23. Rdg2 Ke8 24. h4 Rf8 25. Kd2 Rhg8 26. Ne2 Rh8 27. Rc1 g6 28.
gxf6 Rxf6 29. Bg5 1-0

[Event "29th Czech Open A 2018"]
[Site "Pardubice CZE"]
[Date "2018.07.26"]
[Round "7.61"]
[White "Jansa, Vlastimil"]
[Black "Kratochvil, Vit1"]
[Result "1-0"]
[WhiteTitle "GM"]
[WhiteElo "2451"]
[BlackElo "2233"]
[WhiteFideId "300128"]
[BlackFideId "333808"]
[EventDate "2018.07.20"]

1. e4 c5 2. Nf3 d6 3. d4 cxd4 4. Nxd4 Nf6 5. Nc3 g6 6. Bc4 Bg7 7. O-O Bg4 8. Qd3
Nbd7 9. Qg3 Ne5 10. Bb3 Rc8 11. Re1 O-O 12. f4 Nc4 13. Qd3 Qc7 14. Ncb5 Qc5 15.
Bxc4 Qxc4 16. Nxa7 Nh5 17. Nab5 Bd7 18. Qxc4 Rxc4 19. c3 Bxb5 20. Nxb5 Nf6 21.
e5 dxe5 22. Rxe5 Rd8 23. Re1 Nd5 24. g3 e6 25. Na3 Rc6 26. Nc2 Nxc3 27. bxc3
Bxc3 28. Ba3 Bxa1 29. Nxa1 Ra8 30. Be7 Rxa2 31. Bf6 Ra5 32. Nb3 Rd5 33. Nd4 Rc8
34. Rb1 Rd7 35. Kf2 Kf8 36. g4 Rc4 37. Ra1 Rc8 38. h4 Ke8 39. g5 Rd5 40. Rb1 Rd7
41. h5 gxh5 42. Rh1 Rc5 43. Ke3 b5 44. Rxh5 Rb7 45. Rxh7 Rc3+ 46. Ke4 Rg3 47.
Nxe6 Rb6 48. Nc5 Rxf6 49. gxf6 Kf8 50. Rh8+ Rg8 51. Nd7+ 1-0

[Event "29th Czech Open A 2018"]
[Site "Pardubice CZE"]
[Date "2018.07.26"]
[Round "7.62"]
[White "Kopylov, Michael"]
[Black "Stein, Robert"]
[Result "1/2-1/2"]
[WhiteTitle "IM"]
[WhiteElo "2426"]
[BlackElo "2253"]
[WhiteFideId "14105080"]
[BlackFideId "12921084"]
[EventDate "2018.07.20"]

1. d4 Nf6 2. c4 e6 3. g3 d5 4. Bg2 Be7 5. Nf3 O-O 6. Qc2 c5 7. dxc5 Qa5+ 8. Qc3
Qxc5 9. cxd5 Nxd5 10. Qxc5 Bxc5 11. O-O Nc6 12. a3 b6 13. e4 Nf6 14. Nc3 Ba6 15.
Rd1 Ng4 16. b4 Bxf2+ 17. Kh1 Be3 18. Bxe3 Nxe3 19. b5 Nxd1 20. Rxd1 Bxb5 21.
Nxb5 a6 22. Nd6 Rad8 23. e5 Rd7 24. a4 1/2-1/2

[Event "29th Czech Open A 2018"]
[Site "Pardubice CZE"]
[Date "2018.07.26"]
[Round "7.63"]
[White "Domogaev, Sergey"]
[Black "Olson, Hamish"]
[Result "1/2-1/2"]
[WhiteTitle "GM"]
[WhiteElo "2414"]
[BlackElo "2229"]
[WhiteFideId "24103608"]
[BlackFideId "2404257"]
[EventDate "2018.07.20"]

1. d4 d5 2. c4 e6 3. cxd5 exd5 4. Nc3 c6 5. Qc2 Nf6 6. Bg5 h6 7. Bh4 g6 8. e3
Bf5 9. Qb3 g5 10. Bg3 Qb6 11. Nf3 Nbd7 12. Be2 Nh5 13. Nd2 Bg6 14. Rc1 Nxg3 15.
hxg3 a5 16. O-O Qxb3 17. Nxb3 a4 18. Nd2 a3 19. b3 Bb4 20. f4 gxf4 21. gxf4 Bf5
22. Nf3 Bxc3 23. Rxc3 Nf6 24. Re1 Ne4 25. Rcc1 Rg8 26. Nh4 Bg4 27. Bd3 Nd6 28.
Kf2 Kd7 29. Nf3 Bxf3 30. gxf3 f5 31. Rh1 Rg6 32. Rcg1 Rag8 33. Rxg6 Rxg6 34. Rc1
Rg8 35. Rh1 Rg6 36. Rh5 Ke6 37. e4 fxe4 38. fxe4 dxe4 39. Re5+ Kf6 40. Bxe4
Nxe4+ 41. Rxe4 Kf5 42. Re7 Kxf4 1/2-1/2

[Event "29th Czech Open A 2018"]
[Site "Pardubice CZE"]
[Date "2018.07.26"]
[Round "7.64"]
[White "Erenberg, Ariel"]
[Black "Bharath, Subramaniyam H"]
[Result "1-0"]
[WhiteTitle "IM"]
[BlackTitle "CM"]
[WhiteElo "2413"]
[BlackElo "2231"]
[WhiteFideId "2811634"]
[BlackFideId "46634827"]
[EventDate "2018.07.20"]

1. d4 Nf6 2. c4 e6 3. Nc3 c5 4. d5 exd5 5. cxd5 d6 6. Nf3 g6 7. Bf4 Bg7 8. Qa4+
Bd7 9. Qb3 b5 10. Bxd6 Qb6 11. Be5 O-O 12. e3 c4 13. Qd1 b4 14. Nb1 Rc8 15. Be2
Bb5 16. a3 Nbd7 17. Bd4 Qa6 18. O-O Nb6 19. d6 Rd8 20. b3 cxb3 21. Bxb5 Qxb5 22.
Qxb3 Nfd5 23. Nbd2 Rxd6 24. Bxg7 Kxg7 25. Nd4 Qa5 26. Ne4 Rd7 27. Qb2 Kh6 28.
Nc6 bxa3 29. Rxa3 Nc4 30. Rxa5 Nxb2 31. Ne5 Rad8 32. Nxd7 Rxd7 33. Rfa1 f5 34.
Nc5 Rd6 35. Rxa7 Nc3 36. h4 f4 37. exf4 Ne2+ 38. Kh2 Nxf4 39. Ne4 Rd5 40. Nf6 g5
41. Nxd5 Nxd5 42. R1a6+ Kh5 43. f3 gxh4 44. Ra5 Kg6 45. Rxd5 Nc4 46. Ra6+ Kf7
47. Rd7+ Ke8 48. Rxh7 1-0

[Event "29th Czech Open A 2018"]
[Site "Pardubice CZE"]
[Date "2018.07.26"]
[Round "7.65"]
[White "Phadke, Sohan"]
[Black "Gorbatov, Alexej"]
[Result "0-1"]
[WhiteTitle "FM"]
[BlackTitle "IM"]
[WhiteElo "2249"]
[BlackElo "2409"]
[WhiteFideId "5016223"]
[BlackFideId "4111834"]
[EventDate "2018.07.20"]

1. e4 e5 2. Nf3 Nf6 3. Nc3 Bb4 4. a3 Bxc3 5. dxc3 d6 6. Bd3 Nbd7 7. b4 Nf8 8. c4
Ng6 9. Ng1 Be6 10. h4 h6 11. h5 Nf8 12. f3 N8h7 13. Be3 Nd7 14. Ne2 Ng5 15. Nc3
O-O 16. Qd2 a5 17. Rd1 axb4 18. axb4 f6 19. Qe2 c6 20. g3 Bf7 21. f4 Ne6 22. Qd2
Nd4 23. Be2 c5 24. bxc5 dxc5 25. Nd5 Ra2 26. Bxd4 cxd4 27. Qb4 Qa5 28. c3 Bxd5
29. cxd5 dxc3 30. Qxa5 Rxa5 31. Rc1 Rc5 32. Kd1 f5 33. Kc2 exf4 34. gxf4 fxe4
35. Bg4 Rd8 36. Rb1 b5 37. Be6+ Kf8 38. Ra1 Rc7 39. Rhb1 Nc5 40. Rxb5 Nxe6 41.
dxe6 Rd2+ 42. Kc1 Ke7 43. Rf5 Kxe6 44. Re5+ Kd6 45. Rxe4 Rh2 46. Ra6+ Kd5 47.
Ree6 Rxh5 48. Kc2 Rh2+ 49. Kd3 Rd2+ 50. Ke3 Kc4 51. Rab6 Rd3+ 52. Ke2 Rdd7 53.
Re4+ Rd4 0-1